[Event "Chennai op 2nd"]
[Site "Chennai"]
[Date "2010.01.25"]
[Round "1"]
[White "Hari, Prabhu SV"]
[Black "Udeshi, Aditya"]
[Result "0-1"]
[WhiteElo "1745"]
[BlackElo "2327"]
[PlyCount "36"]
[EventDate "2010.01.25"]
[EventType "swiss"]
[EventRounds "11"]
[EventCountry "IND"]
[SourceTitle "CBM 134 Extra"]
[Source "ChessBase"]
[SourceDate "2010.03.03"]
[SourceVersion "1"]
[SourceVersionDate "2010.03.03"]
[SourceQuality "1"]

1. e4 c5 2. Nf3 d6 3. d4 cxd4 4. Nxd4 Nf6 5. Nc3 a6 6. f3 e5 7. Nb3 Be7 8. Bg5 0-0 9. Bxf6 Bxf6 10. Be2 Nc6 11. 0-0 Be6 12. Nd5 Bg5 13. Nd2 Bxd5 14. exd5 Ne7 15. Nb3 Nf5 16. Qd3 Qf6 17. Nd2 Be3+ 18. Kh1 Ng3+ 0-1